000 00912cab a2200289 4500
001 ABS59349
008 090401t1998 xxu||||| |||| 00| 0 eng d
035 _a(Sirsi) u88708
041 _aeng
100 _aKnutt, E.
245 _aMaking tracks
260 _c1998
350 _a0
490 _aBuilding Careers
_vSeptember 1998, 4-8(6)
520 _aAnalyses the results of the Building/Hays Montrose Careers survey. Finds that the main motivation for job-hunters is often money and also better pension schemes and other perks. Tables.
650 _aBUILDING/HAYS MONTROSE CAREERS SURVEY
650 _aCONSTRUCTION INDUSTRY
650 _aEMPLOYMENT
650 _aJOB HUNTING
650 _aMOTIVATION
650 _aPENSION SCHEMES
650 _aSALARY INCREASES
650 _aSURVEY
690 _aMANAGEMENT-BUSINESS MANAGEMENT-PROFESSIONAL PRACTICE
942 _n0
948 _c29/09/1998
999 _c56074
_d56074